Loading...
| Science - Biology | 0 | 3 | 0 | 0 | 30 | 41 | 64.67 | 0 | 0 | 11.84 | 12.83 |
| Religion | 0 | 2 | 0 | 0 | 20 | 57 | 92.00 | 1 | 1 | 5.09 | 15.83 |
| History - World | 0 | 3 | 2 | 2 | 20 | 111 | 124.67 | 0 | 0 | 1.19 | 5.17 |
| History - European | 0 | 2 | 1 | 1 | 15 | 88 | 108.00 | 0 | 0 | 4.17 | 6.17 |
| Social Science | 0 | 2 | 1 | 1 | 15 | 88 | 110.00 | 0 | 0 | 1.93 | 6.33 |
| Mythology | 0 | 1 | 0 | 0 | 10 | 129 | 129.00 | 0 | 0 | 0.30 | 4.17 |
| Fine Arts - Painting and Sculpture | 0 | 1 | 0 | 1 | 10 | 116 | 116.00 | 0 | 0 | 0.00 | 2.00 |
| Geography | 0 | 1 | 0 | 0 | 10 | 94 | 94.00 | 0 | 0 | 13.57 | 10.00 |
| Science - Physics | 0 | 1 | 0 | 0 | 10 | 128 | 128.00 | 0 | 0 | 0.00 | 1.67 |
| Science - Chemistry | 0 | 1 | 1 | 0 | 5 | 103 | 103.00 | 0 | 0 | 1.20 | 4.44 |
| History - Other | 0 | 1 | 1 | 0 | 5 | 106 | 106.00 | 0 | 1 | 0.94 | 8.00 |
| History - American | 0 | 1 | 1 | 1 | 5 | 126 | 126.00 | 0 | 0 | 0.00 | 2.00 |
| Current Events | 0 | 1 | 1 | 0 | 5 | 107 | 107.00 | 0 | 0 | 3.61 | 8.33 |
| Science - Other | 0 | 1 | 1 | 0 | 5 | 109 | 109.00 | 0 | 0 | 0.92 | 4.17 |
| Fine Arts - Classical Music | 0 | 1 | 1 | 0 | 5 | 105 | 105.00 | 0 | 0 | 1.32 | 5.00 |
| Popular Culture | 0 | 0 | 1 | 0 | -5 | 0.00 | 0 | 0 | 0.00 | 0.00 |